EKOMSTAT '2001 Aplikácie štatistických metód v hospodárskej praxi

Salvato in:
Dettagli Bibliografici
Altri autori: Chajdiak, Jozef, Luha, Ján
Natura: Libro
Lingua:slovacco
ceco
inglese
Pubblicazione: Bratislava Slovenská štatistická a demografická spoločnosť 2001
Soggetti:
Tags: Aggiungi Tag
Nessun Tag, puoi essere il primo ad aggiungerne!!

MARC

LEADER 00000nam a2200000 4500
001 c125009
005 20240318114051.9
020 |a 80-88946-10-7 
041 0 |a slo 
041 0 |a cze 
041 0 |a eng 
044 |a SK 
245 1 0 |a EKOMSTAT '2001  |b Aplikácie štatistických metód v hospodárskej praxi  |c [zostavil: Jozef Chajdiak, Ján Luha] 
264 1 |a Bratislava  |b Slovenská štatistická a demografická spoločnosť  |c 2001 
300 |a 160 s. 
610 2 0 |a štatistika 
610 2 0 |a metódy štatistické 
610 2 0 |a politika hospodárska 
610 2 0 |a vývoj hospodársky 
610 2 0 |a mienka verejná 
610 2 0 |a výskum 
610 2 0 |a priemysel 
610 2 0 |a odhad štatistický 
610 2 0 |a deti 
610 2 0 |a populácia 
610 2 0 |a modely ekonometrické 
610 2 0 |a teória rozhodovania 
610 2 0 |a štatistika matematická 
610 2 0 |a politika menová 
610 2 0 |a inflácia 
610 2 0 |a mzdy 
610 2 0 |a zamestnanosť 
610 2 0 |a rentabilita 
610 2 0 |a podnik priemyselný 
610 2 0 |a stavebníctvo 
700 1 |a Chajdiak, Jozef 
700 1 |a Luha, Ján